Powerful telephone skills : A quick and handy guide for any manager or business owner.
Αποθηκεύτηκε σε:
| Συγγραφή απο Οργανισμό/Αρχή: | |
|---|---|
| Μορφή: | Βιβλίο |
| Γλώσσα: | Undetermined |
| Έκδοση: |
Hawthorne, NJ
Career Press
1993
|
| Θέματα: | |
| Ετικέτες: |
Προσθήκη ετικέτας
Δεν υπάρχουν, Καταχωρήστε ετικέτα πρώτοι!
|
| Thư viện lưu trữ: | Trung tâm Học liệu Trường Đại học Cần Thơ |
|---|
| LEADER | 00630nam a2200193Ia 4500 | ||
|---|---|---|---|
| 001 | CTU_128664 | ||
| 008 | 210402s9999 xx 000 0 und d | ||
| 020 | |c 179000 | ||
| 082 | |a 651.37 | ||
| 082 | |b C271 | ||
| 110 | |a Career Press Inc. | ||
| 245 | 0 | |a Powerful telephone skills : | |
| 245 | 2 | |b A quick and handy guide for any manager or business owner. | |
| 260 | |a Hawthorne, NJ | ||
| 260 | |b Career Press | ||
| 260 | |c 1993 | ||
| 650 | |a Telephone in business.,Telephone etiquette.,Điện thoại trong kinh doanh,Quy cách điện thọai | ||
| 904 | |i Minh | ||
| 980 | |a Trung tâm Học liệu Trường Đại học Cần Thơ | ||